000
00268nam a22001097a 4500
008
230228b |||||||| |||| 00| 0 eng d
245
_a
Employment News
260
_a
New Delhi
_b
Anupama Bhatnagar
_c
2023
300
_a
40
440
_a
Employment News
942
_2
ddc
_c
N
999
_c
19922
_d
19922